| 000 | 00372nam a22001217a 4500 | ||
|---|---|---|---|
| 008 | 160220b xxu||||| |||| 00| 0 eng d | ||
| 050 | _aBS 557.3 .V56 1957 | ||
| 100 |
_aVine, Raymond D. _d1957 |
||
| 245 | _aBible story hour | ||
| 260 |
_aAlma Park: _bThe Stanborough Press Limited, _c1957. |
||
| 300 | _a186p. | ||
| 942 |
_2lcc _cBOOKS _hBS 557.3 .V56 1957 |
||
| 999 |
_c11069 _d11069 |
||